Biblioteka Instytutu Północnego w Olsztynie

Widok standardowy Widok MARC

Pozycja Corporate Name

Liczba rekordów, w których użyto hasła: 2

001 - Numer kontrolny

  • control field: 39433

003 - Identyfikator numeru kontrolnego

  • control field: NUKAT

005 - Data i czas ostatniej modyfikacji

  • control field: 20260402122511.0

008 - Dane kontrolne kodowane (40 znaków)

  • fixed length control field: 171211n||azznnbabn |a ana |

010 ## - Numer kontrolny Biblioteki Kongresu

  • numer kontrolny LC: p 2017165030

024 7# - OTHER STANDARD IDENTIFIER

  • Standard number or code: 4429151778219418130002
  • Source of number or code: viaf

035 ## - Numer systemowy

  • numer systemowy: a37158715

040 ## - Instytucja sporządzająca rekord

  • inst. przygot. dane do rek. khw: WA N
  • język haseł przedmiotowych/tezaurus: DBN
  • inst. wprow. rek. khw: WA N

043 ## - Kod obszaru geograficznego

  • ISO code: PL

046 ## - Special dates

  • Establishment date: 1956
  • Termination date: 1990

110 2# - Hasło - nazwa ciała zbiorowego

  • nazwa ciała zbior. lub geogr. na pocz.: Departament I (Ministerstwo Spraw Wewnętrznych ; 1954-1996)

370 ## - Associated place

  • Country: Polska

372 ## - Field of activity

  • Field: Wywiad
  • Field: Kontrwywiad

377 ## - Assoc lang

  • Lang code: pol

410 2# - Trop zob. - nazwa ciała zbiorowego

  • nazwa ciała zbior. lub geogr. na pocz.: Departament I Ministerstwa Spraw Wewnętrznych

410 2# - Trop zob. - nazwa ciała zbiorowego

  • nazwa ciała zbior. lub geogr. na pocz.: Departament I MSW

410 1# - Trop zob. - nazwa ciała zbiorowego

  • nazwa ciała zbior. lub geogr. na pocz.: Polska.
  • nazwa jednostki podrzędnej: Ministerstwo Spraw Wewnętrznych (1954-1996).
  • nazwa jednostki podrzędnej: Departament I

410 2# - Trop zob. - nazwa ciała zbiorowego

  • nazwa ciała zbior. lub geogr. na pocz.: Ministerstwo Spraw Wewnętrznych (1954-1996).
  • nazwa jednostki podrzędnej: Departament I

410 2# - Trop zob. - nazwa ciała zbiorowego

  • nazwa ciała zbior. lub geogr. na pocz.: MSW.
  • nazwa jednostki podrzędnej: Departament I

510 2# - Trop zob. też - nazwa ciała zbiorowego

  • podpole kontrolne: g
  • nazwa ciała zbior. lub geogr. na pocz.: Służba Bezpieczeństwa (SB ; Polska)

510 2# - Trop zob. też - nazwa ciała zbiorowego

  • podpole kontrolne: h
  • nazwa ciała zbior. lub geogr. na pocz.: Wydział III Departamentu I (Ministerstwo Spraw Wewnętrznych ; 1954-1996)

665 ## - Nota historyczna

  • nota historyczna: Stanowił część Służby Bezpieczeństwa MSW, zajmował się wywiadem. W maju 1990 Departament I MSW został rozwiązany.

670 ## - Źródło informacji

  • źródło informacji: Współpraca Departamentu I MSW z Hauptverwaltung Auklärung MfS w zakresie tajnego pozyskiwania nowych technologii dla przemysłu PRL i NRD w latach 1975-1900 / Mirosław Sikora. W: Pamięć i Sprawiedliwość : biuletyn Głównej Komisji Badania Zbrodni przeciwko Narodowi Polskiemu Instytutu Pamięci Narodowej. 2017, [nr] 1.

670 ## - Źródło informacji

  • źródło informacji: Wikipedia
Biblioteka Instytutu Północnego, ul. Partyzantów 87, 10-402 Olsztyn, email: biblioteka(at)ip.olsztyn.pl